000 00254pab a2200109 454500
008 180718b xxu||||| |||| 00| 0 eng d
100 _aBalavam, A.
245 _aVice Control - drag on police
650 _aPolice
773 _aHindustan Times
909 _a23488
999 _c23488
_d23488